|
|
|
|
| LEADER |
00000nam0a2200000 4500 |
| 001 |
309945 |
| 005 |
20231102002235.0 |
| 035 |
|
|
|a (RuTPU)RU\TPU\book\335286
|
| 090 |
|
|
|a 309945
|
| 100 |
|
|
|a 20151119d1970 m y0rusy50 ca
|
| 101 |
0 |
|
|a rus
|
| 102 |
|
|
|a RU
|
| 105 |
|
|
|a a z 000zy
|
| 200 |
1 |
|
|a Проект Останкинской телевизионной башни
|e [альбом]
|f руководитель проекта Н. В. Никитин ; архитекторы Л. И. Баталов , Д. И. Бурдин ; инженеры Б. А. Злобин , М. А. Шкуд , Л. Н. Щипакин
|
| 210 |
|
|
|a Москва
|d [1970]
|
| 215 |
|
|
|a 43 с.
|c 37 л. ил.
|
| 225 |
1 |
|
|a На соискание Ленинской премии СССР в области науки и техники 1970 года
|
| 300 |
|
|
|a В папке
|
| 316 |
|
|
|5 63413507: А-429
|a С дарственной надписью Никитина Н. В.
|
| 606 |
1 |
|
|a Башни
|x Архитектура
|2 stltpush
|3 (RuTPU)RU\TPU\subj\28126
|9 51719
|
| 610 |
1 |
|
|a телевизионные башни
|
| 610 |
1 |
|
|a антенны
|
| 610 |
1 |
|
|a сооружения
|
| 610 |
1 |
|
|a железобетонные конструкции
|
| 610 |
1 |
|
|a планировка
|
| 610 |
1 |
|
|a интерьер
|
| 610 |
1 |
|
|a технологические решения
|
| 610 |
1 |
|
|a требования
|
| 610 |
1 |
|
|a конструкции
|
| 610 |
1 |
|
|a расчеты
|
| 610 |
1 |
|
|a материалы
|
| 610 |
1 |
|
|a механизмы
|
| 610 |
1 |
|
|a строительно-монтажные работы
|
| 610 |
1 |
|
|a строительство
|
| 610 |
1 |
|
|a отклики
|
| 610 |
1 |
|
|a статьи
|
| 610 |
1 |
|
|a газеты
|
| 610 |
1 |
|
|a журналы
|
| 610 |
1 |
|
|a отзывы
|
| 610 |
1 |
|
|a предприятия
|
| 610 |
1 |
|
|a организации
|
| 610 |
1 |
|
|a проекты
|
| 610 |
1 |
|
|a Останкинская башня
|
| 675 |
|
|
|a 725.94
|v 4
|
| 702 |
|
1 |
|a Никитин
|b Н. В.
|c ученый-строитель, специалист в области железобетонных конструкций, доктор технических наук
|c Выпускник Томского технологического института
|f 1907-1973
|g Николай Васильевич
|2 stltpush
|3 (RuTPU)RU\TPU\pers\21281
|4 673
|
| 702 |
|
1 |
|a Баталов
|b Л. И.
|g Леонид Ильич
|4 677
|
| 702 |
|
1 |
|a Бурдин
|b Д. И.
|g Дмитрий Иванович
|4 677
|
| 702 |
|
1 |
|a Злобин
|b Б. А.
|g Борис Алексеевич
|4 677
|
| 702 |
|
1 |
|a Шкуд
|b М. А.
|g Моисей Абрамович
|4 677
|
| 702 |
|
1 |
|a Щипакин
|b Л. Н.
|g Лев Николаевич
|4 677
|
| 801 |
|
1 |
|a RU
|b 63413507
|c 20151119
|
| 801 |
|
2 |
|a RU
|b 63413507
|c 20171027
|g RCR
|
| 942 |
|
|
|c BK
|